Monster Hunter All Gen 5 and 6 Monsters - Statistics

General Stats
  • This quiz has been taken 58 times
  • The average score is 111 of 183
Answer Stats
Hint Answer % Correct
World Nergigante
94%
Rise | Wilds | World Rathalos
94%
Rise | Wilds | World Rathian
94%
World Great Jagras
89%
Rise | World Kulu Ya Ku
89%
Iceborne Safi Jiiva
89%
World Xeno Jiiva
89%
Rise | World Anjanath
83%
World Azure Rathalos
83%
Iceborne | Rise Barioth
83%
Rise | World Barroth
83%
World Deviljho
83%
Iceborne | Sunbreak Gold Rathian
83%
Rise | World Kushala Daora
83%
World Lunastra
83%
Sunbreak Malzeno
83%
World Pink Rathian
83%
Rise | World Pukei Pukei
83%
Iceborne | Rise Rajang
83%
Iceborne | Sunbreak Silver Rathalos
83%
Rise | World Teostra
83%
Rise | World Tobi Kadachi
83%
Iceborne Alatreon
78%
Iceborne Fatalis
78%
Sunbreak | Wilds Gore Magala
78%
World Great Girros
78%
World Odogaron
78%
Sunbreak Shagaru Magala
78%
World Vaal Hazak
78%
World Dodogama
72%
World Paolumu
72%
World Radobaan
72%
Iceborne Ruiner Nergigante
72%
Iceborne | Sunbreak Velkhana
72%
Iceborne | Rise Zinogre
72%
Iceborne Banbaro
67%
Rise | World Bazelgeuse
67%
Iceborne Beotodus
67%
Iceborne Coral Pukei Pukei
67%
Rise | World Diablos
67%
Iceborne Ebony Odogaron
67%
Iceborne Fulgur Anjanath
67%
Iceborne | Sunbreak Furious Rajang
67%
Iceborne Glavenus
67%
Rise | World Jyuratodus
67%
World Lavasioth
67%
World Legiana
67%
Sunbreak Primordial Malzeno
67%
Iceborne Shara Ishvalda
67%
Iceborne | Rise Tigrex
67%
World Tzitzi Ya Ku
67%
World Uragaan
67%
World Zorah Magdaros
67%
Wilds Arkveld
61%
World Behemoth
61%
World Black Diablos
61%
Iceborne Brachydios
61%
World Kulve Taroth
61%
Wilds Lala Barina
61%
Rise Magnamalo
61%
Iceborne Namielle
61%
Iceborne | Rise Nargacuga
61%
Wilds Nu Udra
61%
Wilds Rey Dau
61%
Sunbreak Risen Teostra
61%
Iceborne Savage Deviljho
61%
Iceborne Shrieking Legiana
61%
Rise Thunder Serpent Narwa
61%
Rise Wind Serpent Ibushi
61%
Iceborne Acidic Glavenus
56%
Rise Almudron
56%
World Ancient Leshen
56%
Rise Apex Zinogre
56%
Iceborne Brute Tigrex
56%
Rise Chameleos
56%
Sunbreak Chaotic Gore Magala
56%
Wilds Chatacabra
56%
Rise Crimson glow Valstrax
56%
Wilds Doshaguma
56%
Iceborne Frostfang Barioth
56%
Sunbreak Gaismagorm
56%
Rise Great Izuchi
56%
Wilds Guardian Ebony Odogaron
56%
Wilds Jin Dahaad
56%
World Kirin
56%
World Leshen
56%
Sunbreak Lunagaron
56%
Rise | Wilds Mizutsune
56%
Iceborne Raging Brachydios
56%
Iceborne | Sunbreak Seething Bazelgeuse
56%
Iceborne Stygian Zinogre
56%
Wilds Uth Duna
56%
Iceborne Viper Tobi Kadachi
56%
Wilds Xu Wu
56%
Rise Arzuros
50%
Sunbreak Astalos
50%
Wilds Balahara
50%
Iceborne Blackveil Vaal Hazak
50%
Wilds Blangonga
50%
Wilds Congalala
50%
Sunbreak Garangolm
50%
Wilds Gogmazios
50%
Wilds Guardian Doshaguma
50%
Wilds Guardian Fulgur Anjanath
50%
Wilds Guardian Rathalos
50%
Wilds Lagiacrus
50%
Rise Narwa The Allmother
50%
Wilds Nerscylla
50%
Wilds Quematrice
50%
Sunbreak Risen Chameleos
50%
Sunbreak Risen Kushala Daora
50%
Sunbreak Risen Shagaru Magala
50%
Wilds Zoh Shia
50%
Wilds Ajarakan
44%
Rise Aknosom
44%
Sunbreak Amatsu
44%
Rise Goss Harag
44%
Rise Great Baggi
44%
Wilds Guardian Arkveld
44%
Sunbreak Lucent Nargacuga
44%
Sunbreak Magma Almudron
44%
Iceborne Nightshade Paolumu
44%
Wilds Rompopolo
44%
Sunbreak | Wilds Seregios
44%
Rise Apex Arzuros
39%
Rise Apex Mizutsune
39%
Rise Apex Rathian
39%
Rise Bishaten
39%
Sunbreak Daimyo Hermitaur
39%
Rise Great Wroggi
39%
Wilds Gypceros
39%
Rise Rakna Kadaki
39%
Sunbreak Risen Crimson Glow Valstrax
39%
Iceborne Scarred Yian Garuga
39%
Rise Somnacanth
39%
Sunbreak Violet Mizutsune
39%
Iceborne Yian Garuga
39%
Rise Apex Diablos
33%
Rise Apex Rathalos
33%
Sunbreak Aurora Somnacanth
33%
Rise Basarios
33%
Sunbreak Blood Orange Bishaten
33%
Sunbreak Espinas
33%
Sunbreak Flaming Espinas
33%
Wilds Gravios
33%
Wilds Hirabami
33%
Rise Lagombi
33%
Wilds Omega Planetes
33%
Sunbreak Pyre Rakna Kadaki
33%
Sunbreak Scorned Magnamalo
33%
Sunbreak Shogun Ceanataur
33%
Rise Tetranadon
33%
Rise Volvidon
33%
Wilds Yian Kut Ku
33%
Rise Royal Ludroth
28%
Rise Khezu
22%
No matching quizzes found
Score Distribution
Percent of People with Each Score
Percentile by Number Answered
Your Score History
You have not taken this quiz